00489cam a2200181ua 45000010005000000080039000050400009000440410008000530820008000611000026000692450057000952500012001522600045001643000010002096530036002196530023002557000029002789744160816n ii |||gr||||Z||||||asm cMAIN aasm a920 aFicher, Lui,eAuthor. aMahatma Gandhir jibon kothacTranslated by Rupa Bora a3rd ed. aNagaon:bJagaran sahitya prakash,c2010. a254p. aBiography, genealogy & insignia aAssamese biography aBora, Rupa,eTranslator.